000
00279nam a22001337a 4500
020
_a
0-7214-1676-4
082
_a
823
_b
LAD/H
100
_a
LADYBIRD
245
_a
HICKORY DICKROY DOCK
260
_a
UK
_b
LADYBIRD
300
_a
27
650
_a
ENGLISH SHORT STORY
_z
UK
942
_c
BK
999
_c
4049
_d
4049